Представление документа в формате MARC21

Поле Инд. ПП Название Значение
Тип записи a
Библиографический уровень m
001 Контрольный номер RU/IS/BASE/388660480
005 Дата корректировки 20140703141415.7
008 Кодируемые данные 051220
020 c Цена, тираж б/ц
040 a Служба первич. каталог. НБ ТвГУ
041 a Код языка текста rus
080 a Индекс УДК 811.161.1'367.623'282.2(470.25)(043.3)
084 a Индекс другой классификации/Индекс ББК Ш141.12-212.2я031
a Индекс другой классификации/Индекс ББК Ш141.12-521я031
090 x Авторский знак Б43
a Полочн. индекс Ш141.12
100 1_ a Автор Белова Татьяна Викторовна
245 10 a Заглавие Прилагательные в языке и речи (деривация прилагательных в народной речи как результат структурно-семантических отношений слов)
n Номер части/ раздела (Т. 1)
b Продолж. заглавия дис. ... канд. филол. наук : 10.02.01 : [в 2 т.]
260 1_ a Место издания Псков
c Дата издания 2005
300 a Объем 200 c.
b Иллюстрации/ тип воспроизводства табл.
500 a Примечание На правах рукоп.
502 a Примечание о диссертации Дис. (канд.) - Псков. гос. пед. ун-т им. С. М. Кирова, 2005
504 a Библиография Библиогр.: с. 181-199.
583 a Действие Получение впервые 423 20.12.2005
650 a Основная рубрика Русский язык
x Основная подрубрика Говоры псковские
x Основная подрубрика Грамматика
x Основная подрубрика Диалектология
x Основная подрубрика Словообразование
x Основная подрубрика Части речи
650 a Основная рубрика Прилагательное в русском языке
653 a Ключевые слова Грамматика русского языка
a Ключевые слова Диалектология русского языка
a Ключевые слова Диссертации
a Ключевые слова Прилагательное в русском языке
a Ключевые слова Псковские говоры
a Ключевые слова Русский язык
a Ключевые слова Словообразование
a Ключевые слова Части речи
852 t Порядковый номер экземпляра 1
p Инвентарный номер б/н
888 a Бесплатные
930 a Новая/Ретро диссертации
952 p 423.2005 б/ц 1 б/н
c Вид литературы Дис н
954 a Дата поступления на обработку 20051221
999 a Подразделение 2 ч.з.